00349nam a2200133Ia 4500003000400000005001700004008004100021040001800062041000800080100005600088110002100144245003000165260002000195OSt20230529104001.0211028s2015 xx 000 0 und d cAIMIT LIBRARY aeng aRodrigues, Austin Peter; Rajamani, Kavitha.e131902 aKavitha Rajamani aBe you social networking. aMangalorec2015